000 00290nam a22001337a 4500
008 181012b xxu||||| |||| 00| 0 eng d
020 _a9780071622424
041 _aeng
080 _28th
_a616.15
100 _a9
101 _aHEM
245 _aHematology
_cLichtman,M.A
942 _2udc
_cBK
999 _c49550
_d49550